| 000 | 01178cam a2200313 a 4500 | ||
|---|---|---|---|
| 001 | 2160 | ||
| 005 | 20231110110911.0 | ||
| 020 | _a9780061561870 | ||
| 040 |
_aDLC _cDLC _dDLC _beng |
||
| 050 | 0 | 0 |
_aPZ7.F85927 _bBat 2008 |
| 082 | 0 | 0 |
_a489 _222 |
| 100 | 1 |
_aFrantz, Jennifer _d1976- |
|
| 245 | 1 | 0 |
_aBatman saves the day / _cadapted by Jennifer Frantz ; pencils by Cameron Stewart ; digital paints by Dave McCaig. |
| 250 | _aFirst Edition | ||
| 260 |
_aNew York : _bHarper, _c2008 |
||
| 300 |
_a17 unnumbered pages : _bIllustrations _c21 cm |
||
| 490 | 0 | _aDark knight | |
| 500 | _a"Inspired by the film The Dark Knight, screenplay by Jonathan Nolan and Christopher Nolan, story by Christopher Nolan & David S. Goyer, Batman created by Bob Kane." | ||
| 505 | _aJ | ||
| 520 | _aWhen the Joker crashes his birthday party and starts stealing from the guests, Batman has to act fast. | ||
| 521 |
_a600 _bLexile estimate |
||
| 521 |
_aJ _bRaz-Plus |
||
| 650 | _aSuper heroes | ||
| 650 | _aVigilante | ||
| 700 | 1 |
_aStewart, Cameron _d1976?- _eIllustrator |
|
| 700 | 1 |
_aMcCaig, Dave. _eIllustrator |
|
| 906 |
_a7 _bcbc _corignew _d2 _eepcn _f20 _gy-gencatlg |
||
| 942 |
_2ddc _cBK _n0 |
||
| 999 |
_c2160 _d2160 |
||